Modelovanie šírenia epidémií pomocou diferenciálnych rovníc bakalárska práca

Na minha lista:
Detalhes bibliográficos
Autor principal: Michalovičová, Silvia
Formato: Livro
Idioma:eslovaco
Publicado em: Bratislava bakalárska práca Silvia Michalovičová
Acesso em linha:View in OPAC
Tags: Adicionar Tag
Sem tags, seja o primeiro a adicionar uma tag!

MARC

LEADER 00000nam a2200000 a 4500
005 20260127134050.0
008 141016 2014 000 0 slo d
035 |a vtls010628543 
039 9 |y 201410161132  |z mschk03 
040 |a STUSCHK1  |b slo  |c STUSCHK1  |e AACR2 
100 1 |a Michalovičová, Silvia 
245 1 |a Modelovanie šírenia epidémií pomocou diferenciálnych rovníc  |b bakalárska práca  |c Silvia Michalovičová 
260 |a Bratislava  |b bakalárska práca  |c Silvia Michalovičová 
300 |a 42 s.  |b il.  |c 30 cm 
500 |a Obhájené: 15.7.2014 
500 |a Štud. program: automatizácia, informatizácia a manažment v chémii a potravinárstve 
500 |a Štud. odbor: automatizácia, informatizácia a manažment v chémii a potravinárstve 
500 |a Školiace pracovisko: Ústav informatizácie, automatizácie a matematiky 
500 |a Evid. číslo: FCHPT-5415-44238 
910 |a SCHK95 
999 |c 3277  |d 3277